000 01471nam a2200301Ia 4500
999 _c52435
_d52435
001 19457
003 GE_BSU
005 20200630104655.0
008 181216s2001||||ge |||||||||||||| ||geo||
020 _aISBN 99928-883-5-0
040 _cGE_BSU
041 _ageo
080 _a811.353.1'367.625 მ-54
100 _aმელიქიშვილი, დამანა
_98281
245 _aქართული ზმნის უღლების სისტემა : Conjugation System of Georgian Verb /
_cდამანა მელიქიშვილი ; რედ. : ელენე ბაბუნაშვილი, იოსტ გიპერტი.
264 _aთბილისი :
_bლოგოს პრესი,
_c2001.
300 _a362 გვ. ;
_c 20 სმ.
500 _aთავფურცელი ქართულ და ინგლისურ ენაზე
500 _aწიგნს ახლავს ავტორის მინაწერი
504 _a ბიბლიოგრაფია : გვ. 347-359
541 _h8ლ.
653 _aზმნა ქართულ ენაში
653 _aზმნის უღლება
653 _aქართული ენა
700 _aელენე ბაბუნაშვილი
_eრედაქტორი
_98895
700 _a იოსტ გიპერტი
_eრედაქტორი
_98896
942 _cBK
_2udc